Social welfare in India : (Record no. 126099)

MARC details
000 -LEADER
fixed length control field 00732nam a22002297a 4500
005 - DATE AND TIME OF LATEST TRANSACTION
control field 20170124110004.0
010 ## - LIBRARY OF CONGRESS CONTROL NUMBER
LC control number A-382008
020 ## - INTERNATIONAL STANDARD BOOK NUMBER
Terms of availability 00.00
International Standard Book Number 8170450519
035 ## - SYSTEM CONTROL NUMBER
System control number A-382008
037 ## - SOURCE OF ACQUISITION
Source of stock number/acquisition Cen Lib/Ret
040 ## - CATALOGING SOURCE
Original cataloging agency DPL
Language of cataloging EN
082 ## - DEWEY DECIMAL CLASSIFICATION NUMBER
Classification number 361.954
Item number PAR
100 ## - MAIN ENTRY--PERSONAL NAME
Personal name Paranjpe, Nalini
9 (RLIN) 16565
245 ## - TITLE STATEMENT
Title Social welfare in India :
Statement of responsibility, etc by Nalini Paranjpe
Remainder of title a policy perspective /
260 ## - PUBLICATION, DISTRIBUTION, ETC. (IMPRINT)
Place of publication, distribution, etc New Delhi
Name of publisher, distributor, etc Associated Publishing House
Date of publication, distribution, etc 1990
270 ## - ADDRESS
Address E-22, Preet Vihar, Vikas Marg
City New Delhi
Postal code 110092
300 ## - PHYSICAL DESCRIPTION
Extent 92p.
Other physical details 22cm(Hb)
500 ## - GENERAL NOTE
General note Includes bibliographical references and index.
650 ## - SUBJECT ADDED ENTRY--TOPICAL TERM
Topical term or geographic name as entry element Public welfare
9 (RLIN) 10063
650 ## - SUBJECT ADDED ENTRY--TOPICAL TERM
Topical term or geographic name as entry element Social policy
9 (RLIN) 8412
942 ## - ADDED ENTRY ELEMENTS (KOHA)
Source of classification or shelving scheme Dewey Decimal Classification
Koha item type English Books
Classification part 361.954
Call number suffix PAR
Holdings
Withdrawn status Lost status Damaged status Not for loan Home library Current library Date acquired Source of acquisition Cost, normal purchase price Total Checkouts Full call number Barcode Date last seen Copy number Cost, replacement price Price effective from Koha item type Public note
Written off       Central Library Central Library 24/06/2015 Cen Lib/Ret 0.00   361.954 PAR A-382008 24/06/2015 1 0.00 24/06/2015 English Books Written off on approval by DLB (By Circulation); dtd 15-06-2023

© Delhi Public Library
Hit Counter
free hit counter